Year release dates of games - Statistics

General Stats
  • This quiz has been taken 30 times
  • The average score is 10 of 23
Answer Stats
Hint Answer % Correct
Red Dead Redemption 2 2018
94%
Grand Theft Auto V 2013
83%
Minecraft 2011
72%
Starfield 2023
72%
The Witcher 3: Wild Hunt 2015
67%
Counter-Strike: Source 2004
56%
Doom 1993
50%
Portal 2007
50%
Left 4 Dead 2008
44%
Civilization VI 2016
44%
South Park: The Fractured But Whole 2017
44%
Death Stranding 2019
44%
1980 1980
39%
Metro 2033 2010
39%
Euro Truck Simulator 2 2012
39%
Tetris 1984
33%
Barbie Horse Adventures: Blue Ribbon Race 2003
33%
Tekken 2 1995
22%
Hearts of Iron II 2005
22%
Spider-Man (on atari) 1982
17%
Ninja Hamster 1987
11%
Harold Halibut 2024
11%
Orcs Must Die 3 2020
6%
No matching quizzes found
Score Distribution
Percent of People with Each Score
Percentile by Number Answered
Your Score History
You have not taken this quiz